| 000 | 00492cam a2200205ua 4500 | ||
|---|---|---|---|
| 001 | 2557 | ||
| 008 | 110912n ii |||gr||||Z||||||asm | ||
| 040 | _cMAIN | ||
| 082 | _a491.451 | ||
| 100 |
_aSharma, _eAuthor. |
||
| 245 | 1 |
_aAsamiya bhasha tattva _cby Sharma |
|
| 250 | _a1st. | ||
| 260 |
_aCalcutta: _bPurba prakash. |
||
| 300 |
_a114p: _c23cm. |
||
| 653 | _aLanguage | ||
| 653 | _aAssamese language | ||
| 653 | _aAsamiya bhasha tattva | ||
| 700 |
_aChoudhuri, _eAuthor. |
||
| 942 | _cBK | ||
| 999 |
_c2410 _d2410 |
||